LEADER 01604nam0 2200385 i 450 001 VAN00102858 005 20240806100721.572 017 70$2N$a978-1-4614-9542-0 100 $a20151012d2014 |0itac50 ba 101 $aeng 102 $aUS 105 $a|||| ||||| 200 1 $aFunctional and phylogenetic ecology in R$fNathan G. Swenson 210 $aNew York$cSpringer$d2014 215 $aXII, 212 p.$cill.$d24 cm 410 1$1001VAN00102661$12001 $aUse R!$1210 $aBerlin [etc.]$cSpringer$d2006- 500 1$3VAN00239791$aFunctional and phylogenetic ecology in R$91410749 606 $a92-XX$xBiology and other natural sciences [MSC 2020]$3VANC020839$2MF 606 $a92D15$xProblems related to evolution [MSC 2020]$3VANC023324$2MF 610 $aEcological Analyses$9KW:K 610 $aEcology$9KW:K 610 $aFunctional Trait Analysis$9KW:K 610 $aPhylogenetics in R$9KW:K 610 $aPhylogeny$9KW:K 620 $aUS$dNew York$3VANL000011 700 1$aSwenson$bNathan G.$3VANV080283$0721712 712 $aSpringer $3VANV108073$4650 801 $aIT$bSOL$c20240906$gRICA 856 4 $uhttp://dx.doi.org/10.1007/978-1-4614-9542-0$zE-book ? Accesso al full-text attraverso riconoscimento IP di Ateneo, proxy e/o Shibboleth 899 $aBIBLIOTECA CENTRO DI SERVIZIO SBA$2VAN15 912 $fN 912 $aVAN00102858 950 $aBIBLIOTECA CENTRO DI SERVIZIO SBA$d15CONS SBA EBOOK 4584 $e15EB 4584 20191106 996 $aFunctional and phylogenetic ecology in R$91410749 997 $aUNICAMPANIA